000 01297cam a2200337 a 4500
001 17484022
005 20140924151852.0
008 121004s2013 nyua b 001 0 eng
010 _a 2012040402
020 _a9781848729742 (hardback : alk. paper)
020 _a9780415825153 (pbk. : alk. paper)
020 _a9780203142936 (ebk.)
040 _aDLC
_cDLC
_dDLC
042 _apcc
050 0 0 _aHD 30.255
_b.G7427 2013
082 0 0 _a658.4/083
245 0 0 _aGreen organizations :
_bdriving change with I-O psychology /
_cedited by Ann Hergatt Huffman, Stephanie R. Klein.
260 _aNew York :
_bRoutledge,
_cc2013.
300 _axxxii, 405 pages :
_billustration ;
_c23 cm.
490 0 _aSeries in applied psychology
504 _aIncludes bibliographical references and index.
521 _aPsychology
650 0 _aBusiness enterprises
_xEnvironmental aspects.
650 0 _aPsychology, Industrial.
650 0 _aSocial responsibility of business.
700 1 _aHuffman, Ann Hergatt.
700 1 _aKlein, Stephanie R.
906 _a7
_bcbc
_corignew
_d1
_eecip
_f20
_gy-gencatlg
942 _2lcc
_cBK
_kFOR
999 _c275600
_d275600